| 000 | 00382nam a2200157Ia 4500 | ||
|---|---|---|---|
| 999 |
_c30427 _d30427 |
||
| 003 | OSt | ||
| 005 | 20250811135742.0 | ||
| 008 | 250310s9999||||xx |||||||||||||| ||und|| | ||
| 040 | _c. | ||
| 082 |
_a823.9 _bS6741 |
||
| 100 |
_96315 _aSnow, C.P. |
||
| 245 | 0 |
_aCorridors of Power / _cC.P. Snow |
|
| 260 |
_aLondon : _bMacmillan & co ltd, _c1964. |
||
| 300 | _a408 p. | ||
| 942 |
_cBK _2ddc |
||